书目信息 |
| 题名: |
百姓装修
|
|
| 作者: | ;深圳市金版文化发展公司 主编 | |
| 分册: | 18 卧室设计系列 | |
| 出版信息: | 海口 南海出版公司 2006.02 |
|
| 页数: | 96页 | |
| 开本: | 17cm | |
| 丛书名: | ||
| 单 册: | ||
| 中图分类: | TU241-64 | |
| 科图分类: | ||
| 主题词: | 卧室--室内设计--图集 , 住宅--室内装饰--图集 | |
| 电子资源: | ||
| ISBN: | 7-5442-2773-1 | |
| 000 | 01082nam0 2200265 450 | |
| 001 | 003078064 | |
| 005 | 20110510100609.21 | |
| 010 | @a7-5442-2773-1@dCNY9.80 | |
| 100 | @a20100515d2006 em y0chiy50 ea | |
| 101 | 0 | @achi |
| 102 | @aCN@b460000 | |
| 105 | @aa z 000yy | |
| 200 | 1 | @a百姓装修@Abai xing zhuang xiu@h18@i卧室设计系列@i男孩房@f深圳市金版文化发展有限公司主编 |
| 210 | @a海口@c南海出版公司@d2006.02 | |
| 215 | @a96页@c彩照@d17cm | |
| 304 | @a英文共同题名:Decoration for common people | |
| 330 | @a《卧室设计系列》共1O册,包括《中式卧室》《现代卧室》《西式卧室》《洋房卧室》《大户型主卧》《中小户型主卧》《老人房》《男孩房》《女孩房》《客房》,内容涉及各类型卧室设计原则、设计要点、造型、采光、照明、色彩、家具配置、饰物搭配、绿化布置、装修宜忌、风水知识、材料信息等方方面面。 | |
| 517 | 1 | @a男孩房@Anan hai fang |
| 517 | 1 | @a卧室设计系列@Awo shi she ji xi lie |
| 606 | 0 | @a卧室@x室内设计@j图集 |
| 606 | 0 | @a住宅@x室内装饰@j图集 |
| 690 | @aTU241-64@v4 | |
| 711 | 02 | @a深圳市金版文化发展公司@4主编 |
| 801 | 0 | @aCN@c20100515 |
| 905 | @dTU241-64@eS37726@f3 | |
| 百姓装修.18.卧室设计系列.男孩房/深圳市金版文化发展有限公司主编.-海口:南海出版公司,2006.02 |
| 96页:彩照;17cm |
| ISBN 7-5442-2773-1:CNY9.80 |
| 《卧室设计系列》共1O册,包括《中式卧室》《现代卧室》《西式卧室》《洋房卧室》《大户型主卧》《中小户型主卧》《老人房》《男孩房》《女孩房》《客房》,内容涉及各类型卧室设计原则、设计要点、造型、采光、照明、色彩、家具配置、饰物搭配、绿化布置、装修宜忌、风水知识、材料信息等方方面面。 |
| ● |
| 相关链接 |
|
|
|
正题名:百姓装修
索取号:TU241-64/S37726
 
预约/预借
| 序号 | 登录号 | 条形码 | 馆藏地/架位号 | 状态 | 备注 |
| 1 | 1029210 | 210292100 | 建筑库101/101建筑库 61排6列4层/ [索取号:TU241-64/S37726] | 在馆 | |
| 2 | 1029211 | 210292119 | 建筑与城市规划学院资料室/101建筑库 33排3列4层/ [索取号:TU241-64/S37726] | 在馆 | |
| 3 | 1029212 | 210292128 | 建筑库101/101建筑库 61排6列4层/ [索取号:TU241-64/S37726] | 在馆 |